| 000 | 00496nam a2200181 a 4500 | ||
|---|---|---|---|
| 001 | 000025456 | ||
| 005 | 20200930023812.0 | ||
| 008 | 110216s1978 ve r 000 j spa d | ||
| 040 |
_aDO-SdBNP _bspa _cBNPHU |
||
| 082 |
_aNNN _bM775t |
||
| 100 | 1 |
_aMontejo, Eugenio _d1938-2008 _952070 |
|
| 245 | 1 | 0 |
_aTerredad / _cEugenio Montejo. |
| 260 |
_aCaracas, (Venezuela) : _bMonte Ávila Editores, _c1978. |
||
| 300 |
_a70 p. ; _c20 cm. |
||
| 490 | 1 | _aAltazor | |
| 830 | 0 |
_aAltazor _98724 |
|
| 049 | _aBNGR | ||
| 999 |
_c24948 _d24948 |
||